| 000 | 00365nam a2200145Ia 4500 | ||
|---|---|---|---|
| 008 | 150201s2011 xx 000 0 und d | ||
| 082 |
_a617.6 _bM2011G |
||
| 100 | _aGUPTA,HEMANT | ||
| 245 | _aMASTERING THE BDS VTH YEAR | ||
| 250 | _a1ST | ||
| 260 |
_bJAYPEE MEDICAL PUBLISHER _aDELHI _c2011 |
||
| 300 | _a1-294 | ||
| 650 | _aGENERAL DENTISTRY | ||
| 942 |
_2ddc _cBK _03 |
||
| 999 |
_c4760 _d4760 |
||